LEADER 01132nam a2200265 i 4500 001 991001002919707536 008 101220s2005 it ah b 0 0aita 020 $a8874312997 035 $ab13945075-39ule_inst 040 $aBiblioteca Interfacoltà$bita 082 04$a621.43 100 1 $aManna, Filippo$0453089 245 12$aI primordi della propulsione a razzo :$bdal 'fuoco alato' dei Cinesi alle 'bombe volanti' dei Tedeschi /$cFilippo Manna e Raffaele Toscano 260 $aNapoli :$bAccademia pontaniana,$c2005 300 $a109 p. :$bill., facs. ;$c24 cm. 440 0$aQuaderni dell'Accademia Pontaniana ;$v42 650 4$aProiettili-razzo$xFabbricazione$xStoria 650 4$aMissili$xStoria$y1940-1957 700 1 $aToscano, Raffaele$eauthor$4http://id.loc.gov/vocabulary/relators/aut$0334011 907 $a.b13945075$b02-04-14$c20-12-10 912 $a991001002919707536 945 $aLE002 621.43 MAN$g1$i2002000620095$lle002$oe$pE0.00$q-$rl$s- $t0$u0$v0$w0$x0$y.i15212385$z20-12-10 996 $aPrimordi della propulsione a razzo$91441247 997 $aUNISALENTO 998 $ale002$b20-12-10$cm$da $e-$fita$git $h2$i0 LEADER 02870nam 2200613 450 001 9910688350103321 005 20230621135410.0 035 $a(CKB)3710000000612064 035 $a(oapen)https://directory.doabooks.org/handle/20.500.12854/52015 035 $a(EXLCZ)993710000000612064 100 $a20160314h20142014 fy| 0 101 0 $aeng 135 $aur||#---||||| 181 $ctxt$2rdacontent 182 $cc$2rdamedia 183 $acr$2rdacarrier 200 00$aLow-dose antibiotics $ecurrent status and outlook for the future /$ftopic editors: Joshua D. Nosanchuk, Jun Lin, Robert P. Hunter and Rustam I. Aminov 210 $cFrontiers Media SA$d2014 210 1$a[Lausanne, Switzerland] :$cFrontiers Media SA,$d2014. 210 4$d©2014 215 $a1 online resource (167 pages) $cillustrations; digital file(s) 225 1 $aFrontiers Research Topics 225 1 $aFrontiers in Microbiology 225 1 $aFrontiers in Public Health 311 $a2-88919-355-1 320 $aIncludes bibliographical references. 330 3 $aAntimicrobial therapy is a key factor in our success against pathogens poised to ravage at risk or infected individuals. However, we are currently at a watershed point as we face a growing crisis of antibiotic resistance among diverse pathogens. One area of intense interest is the impact of the application of antibiotics for uses other than the treatment of patients and the association with such utilization with emerging drug resistance. This Research Topic ?Low dose antibiotics: current status and outlook for the future? in Frontiers in Microbiology: Antimicrobials, Resistance and Chemotherapy details various aspects of the wide ranging effects of antimicrobial therapy from areas such as the regulation of host responses tomodulation of bacterial virulence factors to acquisition of antibiotic resistance genes. 410 0$aFrontiers research topics. 410 0$aFrontiers in microbiology. 410 0$aFrontiers in public health. 606 $aAntibiotics$xEffectiveness 606 $aAntibiotics$xResearch 606 $aDrug resistance in microorganisms 610 $agrowth promotion 610 $aImmunomodulatory effect 610 $afeed additives 610 $alow dose antibiotics 610 $aantibiotics 610 $aEnvironmental impact 615 0$aAntibiotics$xEffectiveness. 615 0$aAntibiotics$xResearch. 615 0$aDrug resistance in microorganisms. 676 $a615.7922 700 $aRobert Paul Hunter$4auth$01352649 702 $aNosanchuk$b Joshua D. 702 $aLin$b Jun 702 $aHunter$b Robert P. 702 $aAminov$b Rustam 712 02$aFrontiers Research Foundation, 801 0$bUkMaJRU 906 $aBOOK 912 $a9910688350103321 996 $aLow-dose antibiotics$93191054 997 $aUNINA